[Event "Peristeri Christmas op"]
[Site "Peristeri"]
[Date "2015.12.30"]
[Round "7.3"]
[White "Savvidis, Dimitrios"]
[Black "Panopoulos, Ioannis"]
[Result "0-1"]
[WhiteElo "1711"]
[BlackElo "1885"]
[PlyCount "70"]
[EventDate "2015.12.22"]
[EventType "swiss"]
[EventRounds "7"]
[EventCountry "GRE"]
[SourceTitle "EXT 2024"]
[Source "ChessBase"]
[SourceDate "2023.10.10"]
[SourceVersion "1"]
[SourceVersionDate "2023.10.10"]
[SourceQuality "1"]

1. d4 Nf6 2. c4 e6 3. Nf3 d5 4. Bg5 Nbd7 5. e3 Be7 6. Nc3 c6 7. Bd3 dxc4 8. Bxc4 b5 9. Bd3 Bb7 10. Rc1 a6 11. 0-0 0-0 12. Ne4 Nxe4 13. Bxe7 Qxe7 14. Bxe4 Rac8 15. Qe2 f5 16. Bb1 e5 17. dxe5 Nxe5 18. Nxe5 Qxe5 19. Rfd1 Rfd8 20. Rxd8+ Rxd8 21. Qc2 g6 22. h3 c5 23. Rd1 Rd5 24. a4 c4 25. axb5 axb5 26. Qe2 Qd6 27. Rxd5 Qxd5 28. f3 Kg7 29. Kf2 b4 30. e4 Qd4+ 31. Kf1 fxe4 32. Bxe4 Bxe4 33. fxe4 Kf6 34. Qf3+ Ke6 35. Qf8 Qf6+ 0-1